01284cam a2200349 a 450000100090000000300050000900500170001400800410003101000170007202000150008903500230010404000350012704200140016205000240017608200210020010000210022124500870024225000120032926000440034130000330038550400640041865000440048265000210052665000440054765000230059165000300061465000530064465000410069770000240073885600810076285600910084314416818NUST20170516122926.0060616s2006 enka b 001 0 eng d a 2006296675 a0750661852 a(OCoLC)ocm64107064 aERLcERLdBAKERdESUdIXAdDLC alccopycat00aHD9715.A2bO15 200600a624.0687 OAK2221 aOakland, John S.10aTotal quality in the construction supply chain /cJohn Oakland, Marton Marosszeky. a1st ed. aOxford :bButterworth-Heinemann,c2006. aix, 527 p. :bill. ;c25 cm. aIncludes bibliographical references (p. 511-513) and index. 0aConstruction industryxQuality control. 0aQuality control. 0aProduction managementxQuality control. 0aQuality assurance. 0aTotal quality management. 0aBuilding materialsxPurchasingxQuality control. 0aBusiness logisticsxQuality control.1 aMarosszeky, Marton.413Table of contents onlyuhttp://www.loc.gov/catdir/toc/fy0613/2006296675.html423Publisher descriptionuhttp://www.loc.gov/catdir/enhancements/fy0661/2006296675-d.html